| 000 | 00387pab a2200157 454500 | ||
|---|---|---|---|
| 008 | 180718b2001 xxu||||| |||| 00| 0 eng d | ||
| 100 | _aThomson, Anne M. | ||
| 245 | _aFood security and sustainable livelihoods: the policy challenge | ||
| 260 | _c2001 | ||
| 300 | _ap.24-28 | ||
| 362 | _aDec | ||
| 650 | _aPoverty | ||
| 650 | _aFood supply | ||
| 773 | _aDevelopment | ||
| 909 | _a51215 | ||
| 999 |
_c51215 _d51215 |
||